|
|
|
|
| LEADER |
007640000a22002290004500 |
| 020 |
|
|
|a 019565247-9
|
| 082 |
|
|
|a 720.954 P0
|
| 100 |
|
|
|a Lang, Jon; Author
|
| 245 |
|
|
|a Architecture and independence: the search for identity- India 1880 to 1980
|
| 250 |
|
|
|
| 260 |
|
|
|a New Delhi, Oxford University Press
|
| 260 |
|
|
|c 2000
|
| 460 |
|
|
|a xix,347
|
| 465 |
|
|
|a Rs.695.00
|
| 500 |
|
|
|a Includes index
|
| 500 |
|
|
|a Jon Lang, Madhavi Desai and Miki Desai
|
| 650 |
|
|
|a Architecture- India
|
| 650 |
|
|
|a Architecture- India- 1880-1980
|
| 650 |
|
|
|a Architecture- India- British Influences
|
| 942 |
|
|
|c BK
|
| 999 |
|
|
|c 31233
|d 31233
|
| 952 |
|
|
|0 0
|1 0
|4 0
|6 720_954000000000000_P0
|7 0
|8 ENG
|9 31311
|a MGUL
|b MGUL
|d 2013-07-16
|e Rs.695.00
|l 0
|o 720.954 P0
|p 31712
|r 2013-07-16
|w 2013-07-16
|y BK
|